Southville International School and Colleges
Your cart is empty.
  • Cart
  • Lists
    Public lists Eva Luna New books Lux_list list_1
    Your lists Log in to create your own lists
  • Log in to your account
  • Your cookies
  • Search history
Southville International School and Colleges
  • Advanced search
  • Recent comments
  • Most popular
  • Libraries

Log in to your account

Log in with GOOGLE


If you do not have an external account, but do have a local account, you can still log in:

  1. Home
  2. MARC view: Our wonderful earth /
Normal view MARC view ISBD view

Our wonderful earth / (Record no. 110042)

[ view plain ]
MARC details
000 -LEADER
fixed length control field 00437nam a2200169 a 4500
001 - CONTROL NUMBER
control field 3272
005 - DATE AND TIME OF LATEST TRANSACTION
control field 20140414131848.0
008 - FIXED-LENGTH DATA ELEMENTS--GENERAL INFORMATION
fixed length control field 060215s19uu xx 00 eng d
050 ## - LIBRARY OF CONGRESS CALL NUMBER
Classification number M 398.2
Item number W17
100 ## - MAIN ENTRY--PERSONAL NAME
Personal name Disney, Walt
245 ## - TITLE STATEMENT
Title Our wonderful earth /
Statement of responsibility, etc Walt Disney.
260 ## - PUBLICATION, DISTRIBUTION, ETC. (IMPRINT)
Name of publisher, distributor, etc The Walt Disney.
300 ## - PHYSICAL DESCRIPTION
Extent p. : ill. ; cm.
440 ## - SERIES STATEMENT/ADDED ENTRY--TITLE
Title The Tupperware Library
650 ## - SUBJECT ADDED ENTRY--TOPICAL TERM
Topical term or geographic name as entry element Earth
General subdivision Juvenile literature.
Holdings
Withdrawn status Lost status Damaged status Use restrictions Home library Current library Shelving location Date acquired Source of acquisition Total Checkouts Full call number Barcode Date last seen Price effective from Koha item type
        Munich Library Munich Library Main Section 02/15/2006     M 398.2 W17 M0287 04/14/2014 04/14/2014 Books

Our wonderful earth /

APA

Disney W., .Our wonderful earth. : The Walt Disney.

Chicago

Disney Walt, .Our wonderful earth. : The Walt Disney.

Harvard

Disney W., .Our wonderful earth. : The Walt Disney.

MLA

Disney Walt, .: The Walt Disney. .

  • Place hold
  • Print
  • Cite
  • Add to your cart (remove)
  • Save record
    BIBTEX Dublin Core MARCXML MARC (non-Unicode/MARC-8) MARC (Unicode/UTF-8) MARC (Unicode/UTF-8, Standard) MODS (XML) RIS
  • More searches
    Search for this title in:
    Other Libraries (WorldCat) Other Databases (Google Scholar) Online Stores (Bookfinder.com) Open Library (openlibrary.org)

Exporting to Dublin Core...

SOUTHVILLE LIBRARY

Southville International School and Colleges Library

1281 Tropical Ave. Cor. Luxembourg St., BF Homes International, Las Pinas City

Tel. No. 8256374 / 252358 Loc. 117/146

Powered by Koha